Central Library OPAC University of Rajshahi

Sport's golden age : (Record no. 16977)

MARC details
000 -LEADER
fixed length control field 00821cam a22002651 4500
001 - CONTROL NUMBER
control field 16977
003 - CONTROL NUMBER IDENTIFIER
rucl marc code BD-RjUL
005 - DATE AND TIME OF LATEST TRANSACTION
control field 20211209000055.0
008 - FIXED-LENGTH DATA ELEMENTS--GENERAL INFORMATION
fixed length control field 140216s1948 nyu 000 0 eng
035 ## - SYSTEM CONTROL NUMBER
System control number (BD-RjUL)17033
System control number (OCoLC)1484724
040 ## - CATALOGING SOURCE
Original cataloging agency DLC
Transcribing agency FJ
Modifying agency FTaSU
-- DLC
-- BD-RjUL
Language of cataloging eng
041 ## - LANGUAGE CODE
Language code of text/sound track or separate title eng
082 00 - DEWEY DECIMAL CLASSIFICATION NUMBER
Classification number 796.082
Author mark and year SPO 1948
245 10 - TITLE STATEMENT
Title Sport's golden age :
Remainder of title A close-up of the fabulous twenties /
Statement of responsibility, etc. ed. by Allison Danzig and Peter Brandwein; foreword by John Kieran.
250 ## - EDITION STATEMENT
Edition statement [1st ed.]
260 ## - PUBLICATION, DISTRIBUTION, ETC. (IMPRINT)
Place of publication, distribution, etc. New York :
Name of publisher, distributor, etc. Harper,
Date of publication, distribution, etc. 1948.
300 ## - PHYSICAL DESCRIPTION
Pagination xii, 296 p. :
Illustrations illus., ports. ;
Size 22 cm.
650 #0 - SUBJECT ADDED ENTRY--TOPICAL TERM
Topical term or geographic name as entry element Sports
General subdivision History.
9 (RLIN) 50723
700 1# - ADDED ENTRY--PERSONAL NAME
Personal name Danzig, Allison,
Personal name Brandwein, Peter,
Relator term joint ed.
942 ## - ADDED ENTRY ELEMENTS (KOHA)
Source of classification or shelving scheme Dewey Decimal Classification
Koha item type Books
Holdings
Lost status Source of classification or shelving scheme Damaged status Not for loan Collection code Permanent Location Current Location Shelving location Date acquired Source of acquisition Total Checkouts Full call number Date last seen Copy number Koha item type
  Dewey Decimal Classification   Not For Loan Non-fiction Central Library, University of Rajshahi Central Library, University of Rajshahi Reading Room 18/02/1958 U.S.I.S   796.082 SPO 1948 16/02/2014 C-1 Books